000
00209 a2200097 4500
001
44567
100
_a
Durney
245
_a
Machine Shop Practice
260
_a
London
_b
Pitman & Sons
_c
090
_c
28294
_d
28294
942
_a
NUST-CAE
_c
M
_c
20329
999
_c
279640
_d
279640